000 00923nam a2200241 a 4500
001 81554
003 BD-RjUL
005 20230711125412.0
008 230710s2020 bg a|||| m||| 00| 0 eng d
035 _a(BD-RjUL)81554
040 _aBD-RjUL
_beng
_cBD-RjUL
_dBD-RjUL
041 _aeng
082 _a070.172095492
_bISP 2020
_223
100 _aIslam, Md. Serajul
_97960
245 1 0 _aPortrayal of Art Heritage in Mainstream Newspapers of Bangladesh /
_cMd. Serajul Islam ;
_6Supervisor : Mustak Ahmad.
260 _aRajshahi :
_bDeaprtment of Mass Communication and journalism, University of Rajshahi,
_c2020
300 _axv,175 Leaves :
_bill, ;
_c29 cm.
502 _aThesis (M. Phil.) -- Deapartment of Mass Communication and journalism, University of Rajshahi, 2020
504 _aReferences : Leaves 162-172
650 _aNewspapers
_zBangladesh
_97961
700 _aAhmad, Mustak, Supervisor
_97962
942 _2ddc
_cTHE
999 _c81554
_d81554